000 00714nam a22001935i 4500
001 164148
003 ES-MaACL
005 20250811063201.0
008 940615s1864 sp |||| | spa d
040 _aAR
_bspa
100 _aRuiz Aguilera, Ventura,
_d1820-1881
_9188456
245 1 0 _aProverbios ejemplares /
_cpor Ventura Ruiz Aguilera.
260 _aMadrid :
_bLibreria de D. Leocadio López,
_c1864 (
_fImp. de M. Rivadeneyra)
300 _a2 v. (291; 296 p.) ;
_c19 cm.
490 1 _a1º y 2ª Serie
830 0 _a1º y 2ª Serie
_9222340
852 _aES-MaACL
_jD-1050
_z-- Enc. hol.
_z-- Legado M. de la Fuente
_q-- Contiene unicamente la segunda serie (296 p.)
999 _c164148
_d164148